| Tag |
First Indicator |
Second Indicator |
Subfields |
| LEADER |
00000cam a2200000 4500 |
| 001 |
in00000049770 |
| 005 |
20151007073744.0 |
| 008 |
800610s1913 gw a 00010 ger a |
| 010 |
|
|
|a 13020800
|
| 035 |
|
|
|a (OCoLC)06405080
|
| 035 |
|
|
|9 AAF0313AM
|
| 040 |
|
|
|a DLC
|c TXA
|d UtOrBLW
|
| 049 |
|
|
|a TXAM
|c [79427]
|
| 050 |
|
0 |
|a QK901
|b .N4
|
| 092 |
|
|
|a 581.5
|b N384b
|
| 100 |
1 |
|
|a Neger, Franz Wilhelm,
|d 1868-1923.
|
| 245 |
1 |
0 |
|a Biologie der pflanzen auf experimenteller grundlage (bionomie) /
|c von dr. Fr. W. Neger ... Mit 315 textabbildungen.
|
| 264 |
|
1 |
|a Stuttgart :
|b F. Enke,
|c 1913.
|
| 300 |
|
|
|a xxix, 775 pages :
|b illustrations, diagrams ;
|c 25 cm.
|
| 336 |
|
|
|a text
|b txt
|2 rdacontent
|
| 337 |
|
|
|a unmediated
|b n
|2 rdamedia
|
| 338 |
|
|
|a volume
|b nc
|2 rdacarrier
|
| 650 |
|
0 |
|a Plant ecology.
|
| 999 |
|
|
|a MARS
|
| 999 |
f |
f |
|s e8dc4120-e943-3c5c-961f-75c774484816
|i 7171819e-7715-3b1c-852f-d60a224a42c8
|t 0
|
| 952 |
f |
f |
|p ric
|a Texas A&M University
|b Rellis Campus
|c Joint Library Facility
|d Remote Storage
|t 0
|e QK901 .N4
|h Library of Congress classification
|i unmediated -- volume
|m A14800990626
|
| 998 |
f |
f |
|a QK901 .N4
|t 0
|l Remote Storage
|